[Event "Deutsche Ländermeisterschaft 2025"]
[Site "Oer-Erkenschwick GER"]
[Date "2025.10.01"]
[Round "2"]
[White "Lutze, Max"]
[Black "Mader, Fabian"]
[Result "1-0"]
[Termination "normal"]
[Board "4.2"]
[WhiteElo "2102"]
[BlackElo "2153"]
[WhiteClock "00:38:45"]
[BlackClock "00:28:34"]
[WhiteTeam "Nordrhein-Westfalen 2"]
[BlackTeam "Rheinland-Pfalz"]
[PlyCount "67"]
[WhiteFideId "34614850"]
[BlackFideId "16265866"]
[EventCountry "GER"]
[EventRounds "7"]
[EventType "team-swiss"]
[EventDate "2025.09.30"]

1. Nf3 {[%clk 01:30:56]} {[%emt 00:00:03]} Nf6 {[%clk 01:30:48]} {[%emt
00:00:12]} 2. g3 {[%clk 01:30:51]} {[%emt 00:00:35]} g6 {[%clk 01:30:48]}
{[%emt 00:00:31]} 3. c4 {[%clk 01:29:47]} {[%emt 00:01:34]} Bg7 {[%clk
01:30:42]} {[%emt 00:00:36]} 4. Bg2 {[%clk 01:30:11]} {[%emt 00:00:06]} O-O
{[%clk 01:30:43]} {[%emt 00:00:29]} 5. O-O {[%clk 01:30:36]} {[%emt 00:00:05]}
c6 {[%clk 01:29:13]} {[%emt 00:02:00]} 6. Nc3 {[%clk 01:28:36]} {[%emt
00:02:30]} d5 {[%clk 01:28:21]} {[%emt 00:01:22]} 7. d4 {[%clk 01:28:10]}
{[%emt 00:00:55]} Nbd7 {[%clk 01:16:08]} {[%emt 00:12:43]} 8. cxd5 {[%clk
01:24:35]} {[%emt 00:04:05]} cxd5 {[%clk 01:16:30]} {[%emt 00:00:09]} 9. Qb3
{[%clk 01:24:37]} {[%emt 00:00:28]} Nb6 {[%clk 01:12:47]} {[%emt 00:04:13]} 10.
a4 {[%clk 01:23:02]} {[%emt 00:02:05]} Nc4 {[%clk 01:09:24]} {[%emt 00:03:53]}
11. Ne5 {[%clk 01:19:40]} {[%emt 00:03:51]} Na5 {[%clk 01:04:09]} {[%emt
00:05:45]} 12. Qa3 {[%clk 01:04:05]} {[%emt 00:16:05]} Be6 {[%clk 00:55:07]}
{[%emt 00:09:33]} 13. b4 {[%clk 01:01:40]} {[%emt 00:02:55]} Nc4 {[%clk
00:49:14]} {[%emt 00:06:23]} 14. Nxc4 {[%clk 01:01:50]} {[%emt 00:00:20]} dxc4
{[%clk 00:49:37]} {[%emt 00:00:07]} 15. Bxb7 {[%clk 00:51:06]} {[%emt
00:11:14]} Rb8 {[%clk 00:49:47]} {[%emt 00:00:20]} 16. Bg2 {[%clk 00:51:29]}
{[%emt 00:00:06]} Qxd4 {[%clk 00:49:28]} {[%emt 00:00:50]} 17. Be3 {[%clk
00:51:10]} {[%emt 00:00:48]} Qd7 {[%clk 00:47:19]} {[%emt 00:02:39]} 18. Rfd1
{[%clk 00:50:09]} {[%emt 00:01:31]} Qc8 {[%clk 00:46:00]} {[%emt 00:01:50]} 19.
Bxa7 {[%clk 00:50:22]} {[%emt 00:00:17]} Ra8 {[%clk 00:46:18]} {[%emt
00:00:11]} 20. Bc5 {[%clk 00:49:32]} {[%emt 00:01:20]} Bh3 {[%clk 00:44:31]}
{[%emt 00:02:18]} 21. Bxa8 {[%clk 00:45:57]} {[%emt 00:04:05]} Qxa8 {[%clk
00:44:53]} {[%emt 00:00:08]} 22. f3 {[%clk 00:46:22]} {[%emt 00:00:05]} Nd7
{[%clk 00:43:53]} {[%emt 00:01:30]} 23. Bf2 {[%clk 00:44:22]} {[%emt 00:02:30]}
Ne5 {[%clk 00:39:38]} {[%emt 00:04:45]} 24. Nd5 {[%clk 00:44:12]} {[%emt
00:00:40]} Nd3 25. exd3 {[%clk 00:42:41]} Qxd5 {[%clk 00:34:24]} {[%emt
00:00:28]} 26. dxc4 {[%clk 00:42:25]} {[%emt 00:00:46]} Qxc4 {[%clk 00:32:59]}
{[%emt 00:01:55]} 27. Rac1 {[%clk 00:42:38]} {[%emt 00:00:17]} Qe2 {[%clk
00:32:07]} {[%emt 00:01:22]} 28. Qe3 {[%clk 00:42:40]} {[%emt 00:00:28]} Qa2
{[%clk 00:31:53]} {[%emt 00:00:45]} 29. a5 {[%clk 00:42:55]} {[%emt 00:00:15]}
Be6 {[%clk 00:31:40]} {[%emt 00:00:42]} 30. Rd3 {[%clk 00:38:19]} {[%emt
00:05:06]} Bb2 {[%clk 00:29:35]} {[%emt 00:02:35]} 31. Rcd1 {[%clk 00:38:17]}
{[%emt 00:00:31]} Kg7 {[%clk 00:28:48]} {[%emt 00:01:18]} 32. Qe2 {[%clk
00:38:05]} {[%emt 00:00:42]} Bc4 {[%clk 00:28:14]} {[%emt 00:01:05]} 33. Qxb2+
{[%clk 00:38:20]} {[%emt 00:00:15]} Qxb2 {[%clk 00:28:34]} {[%emt 00:00:10]}
34. Bd4+ {[%clk 00:38:45]} {[%emt 00:00:04]} 1-0

[Event "Deutsche Ländermeisterschaft 2025"]
[Site "Oer-Erkenschwick GER"]
[Date "2025.10.01"]
[Round "2"]
[White "Weber, Nikita"]
[Black "Schwitkowski, Luka"]
[Result "1-0"]
[Termination "normal"]
[Board "4.3"]
[WhiteElo "2057"]
[BlackElo "2119"]
[WhiteClock "00:08:28"]
[BlackClock "00:23:15"]
[WhiteTeam "Rheinland-Pfalz"]
[BlackTeam "Nordrhein-Westfalen 2"]
[PlyCount "135"]
[WhiteFideId "34608770"]
[BlackFideId "34610669"]
[EventCountry "GER"]
[EventRounds "7"]
[EventType "team-swiss"]
[EventDate "2025.09.30"]

1. Nf3 {[%clk 01:30:50]} {[%emt 00:00:10]} d5 {[%clk 01:30:41]} {[%emt
00:00:20]} 2. g3 {[%clk 01:27:46]} {[%emt 00:03:35]} Nf6 {[%clk 01:31:09]} 3.
Bg2 {[%clk 01:28:09]} {[%emt 00:00:08]} e6 {[%clk 01:31:37]} {[%emt 00:00:01]}
4. c4 {[%clk 01:28:16]} {[%emt 00:00:23]} Be7 {[%clk 01:32:02]} {[%emt
00:00:05]} 5. O-O {[%clk 01:28:40]} {[%emt 00:00:06]} O-O {[%clk 01:32:27]}
{[%emt 00:00:05]} 6. d3 {[%clk 01:29:03]} {[%emt 00:00:08]} a5 {[%clk
01:27:25]} {[%emt 00:05:32]} 7. Nc3 {[%clk 01:25:21]} {[%emt 00:04:11]} c6
{[%clk 01:25:10]} {[%emt 00:02:45]} 8. cxd5 {[%clk 01:25:24]} {[%emt 00:00:26]}
exd5 {[%clk 01:20:39]} {[%emt 00:05:02]} 9. e4 {[%clk 01:25:00]} {[%emt
00:00:54]} Na6 {[%clk 01:11:48]} {[%emt 00:09:21]} 10. h3 {[%clk 01:12:19]}
{[%emt 00:13:11]} Nc5 {[%clk 00:44:44]} {[%emt 00:27:34]} 11. e5 {[%clk
01:01:11]} {[%emt 00:11:37]} Nfd7 {[%clk 00:44:44]} {[%emt 00:00:30]} 12. d4
{[%clk 01:00:43]} {[%emt 00:00:59]} Ne6 {[%clk 00:45:12]} {[%emt 00:00:02]} 13.
Ne2 {[%clk 00:51:09]} {[%emt 00:10:04]} b5 {[%clk 00:41:27]} {[%emt 00:04:14]}
14. Nf4 {[%clk 00:45:35]} {[%emt 00:06:05]} Nb6 {[%clk 00:38:51]} {[%emt
00:03:06]} 15. Qc2 {[%clk 00:44:15]} {[%emt 00:01:50]} Bd7 {[%clk 00:36:39]}
{[%emt 00:02:41]} 16. Nxe6 {[%clk 00:41:26]} {[%emt 00:03:19]} Bxe6 {[%clk
00:34:09]} {[%emt 00:03:00]} 17. Qxc6 {[%clk 00:36:26]} {[%emt 00:05:30]} Nc4
{[%clk 00:33:13]} {[%emt 00:01:25]} 18. b3 {[%clk 00:23:17]} {[%emt 00:13:39]}
Rb8 {[%clk 00:32:56]} {[%emt 00:00:47]} 19. Qa6 {[%clk 00:22:00]} {[%emt
00:01:48]} Ra8 {[%clk 00:08:43]} {[%emt 00:24:43]} 20. Qc6 {[%clk 00:22:28]}
{[%emt 00:00:02]} Rc8 {[%clk 00:08:31]} {[%emt 00:00:42]} 21. Qxb5 {[%clk
00:17:31]} {[%emt 00:05:28]} Rb8 {[%clk 00:08:50]} {[%emt 00:00:10]} 22. Qa6
{[%clk 00:17:54]} {[%emt 00:00:07]} Qc7 {[%clk 00:08:19]} {[%emt 00:01:01]} 23.
bxc4 {[%clk 00:13:44]} {[%emt 00:04:40]} Bc8 {[%clk 00:08:48]} {[%emt
00:00:01]} 24. Qxc8 {[%clk 00:13:14]} {[%emt 00:01:01]} Qxc8 {[%clk 00:08:23]}
{[%emt 00:00:55]} 25. cxd5 {[%clk 00:13:42]} {[%emt 00:00:01]} Bb4 {[%clk
00:08:23]} {[%emt 00:00:29]} 26. Bf4 {[%clk 00:12:36]} {[%emt 00:01:36]} Qd8
{[%clk 00:07:18]} {[%emt 00:01:35]} 27. Ng5 {[%clk 00:11:58]} {[%emt 00:01:09]}
h6 {[%clk 00:06:16]} {[%emt 00:01:32]} 28. Ne4 {[%clk 00:12:11]} {[%emt
00:00:17]} Ba3 {[%clk 00:04:37]} {[%emt 00:02:08]} 29. h4 {[%clk 00:07:20]}
{[%emt 00:05:22]} Rb4 {[%clk 00:03:21]} {[%emt 00:01:46]} 30. Be3 {[%clk
00:07:16]} {[%emt 00:00:34]} a4 {[%clk 00:02:57]} {[%emt 00:00:53]} 31. f4
{[%clk 00:05:16]} {[%emt 00:02:30]} Qb6 {[%clk 00:02:34]} {[%emt 00:00:52]} 32.
Nc5 {[%clk 00:05:21]} {[%emt 00:00:24]} Rd8 {[%clk 00:02:20]} {[%emt 00:00:45]}
33. Nd3 {[%clk 00:05:11]} {[%emt 00:00:41]} Rb5 {[%clk 00:01:33]} {[%emt
00:01:17]} 34. f5 {[%clk 00:04:44]} {[%emt 00:00:57]} Bb2 {[%clk 00:01:39]}
{[%emt 00:00:23]} 35. Nxb2 {[%clk 00:04:59]} {[%emt 00:00:16]} Rxb2 {[%clk
00:02:03]} {[%emt 00:00:06]} 36. d6 {[%clk 00:01:38]} {[%emt 00:03:51]} a3
{[%clk 00:02:11]} {[%emt 00:00:22]} 37. Bf2 {[%clk 00:01:29]} {[%emt 00:00:39]}
Re8 {[%clk 00:01:05]} {[%emt 00:01:35]} 38. d7 {[%clk 00:00:41]} {[%emt
00:01:19]} Rd8 {[%clk 00:01:28]} {[%emt 00:00:07]} 39. d5 {[%clk 00:01:10]}
Rxf2 {[%clk 00:01:04]} {[%emt 00:00:55]} 40. Rxf2 {[%clk 00:01:39]} {[%emt
00:00:01]} Rxd7 {[%clk 00:01:33]} {[%emt 00:00:01]} 41. Re1 {[%clk 00:23:06]}
{[%emt 00:09:03]} Rc7 {[%clk 00:31:13]} {[%emt 00:00:50]} 42. Ree2 {[%clk
00:23:18]} {[%emt 00:00:19]} f6 {[%clk 00:29:46]} {[%emt 00:01:57]} 43. e6
{[%clk 00:17:52]} {[%emt 00:05:57]} Kf8 {[%clk 00:28:34]} {[%emt 00:01:41]} 44.
Kh2 {[%clk 00:17:10]} {[%emt 00:01:12]} Ke7 {[%clk 00:24:49]} {[%emt 00:04:15]}
45. Rc2 {[%clk 00:14:39]} {[%emt 00:03:02]} Rc5 {[%clk 00:24:23]} {[%emt
00:00:56]} 46. Rcd2 {[%clk 00:13:13]} {[%emt 00:01:56]} Qd6 {[%clk 00:24:35]}
{[%emt 00:00:19]} 47. Rf4 {[%clk 00:13:28]} {[%emt 00:00:15]} Rc3 {[%clk
00:24:32]} {[%emt 00:00:32]} 48. Bf3 {[%clk 00:12:32]} {[%emt 00:01:26]} Kf8
{[%clk 00:24:24]} {[%emt 00:00:38]} 49. Kg2 {[%clk 00:11:53]} {[%emt 00:01:09]}
Rc1 {[%clk 00:22:36]} {[%emt 00:02:17]} 50. Re2 {[%clk 00:10:36]} {[%emt
00:01:47]} Rc7 {[%clk 00:21:24]} {[%emt 00:01:42]} 51. Ra4 {[%clk 00:10:01]}
{[%emt 00:01:05]} Kg8 {[%clk 00:20:26]} {[%emt 00:01:28]} 52. Ra8+ {[%clk
00:09:02]} {[%emt 00:01:29]} Kh7 {[%clk 00:20:55]} 53. Re8 {[%clk 00:07:41]}
{[%emt 00:01:52]} Rb7 {[%clk 00:19:04]} {[%emt 00:02:20]} 54. e7 {[%clk
00:06:45]} {[%emt 00:01:27]} Rb2 {[%emt 00:00:02]} 55. Rh8+ {[%clk 00:06:45]}
{[%emt 00:00:31]} Kxh8 {[%clk 00:20:01]} {[%emt 00:00:02]} 56. e8=Q+ {[%clk
00:07:06]} {[%emt 00:00:09]} Kh7 {[%clk 00:20:24]} {[%emt 00:00:06]} 57. Qg6+
{[%clk 00:07:30]} {[%emt 00:00:07]} Kg8 {[%clk 00:20:51]} {[%emt 00:00:03]} 58.
Qe8+ {[%clk 00:07:45]} {[%emt 00:00:15]} Kh7 {[%clk 00:21:20]} {[%emt
00:00:01]} 59. Qe6 {[%clk 00:07:26]} {[%emt 00:00:49]} Qc5 {[%clk 00:21:22]}
{[%emt 00:00:26]} 60. Bh5 {[%clk 00:07:11]} {[%emt 00:00:47]} Rxe2+ {[%clk
00:21:29]} {[%emt 00:00:23]} 61. Bxe2 {[%clk 00:07:10]} {[%emt 00:00:32]} Qc2
{[%clk 00:21:15]} {[%emt 00:00:43]} 62. d6 {[%clk 00:07:19]} {[%emt 00:00:21]}
Qc6+ {[%clk 00:21:42]} {[%emt 00:00:02]} 63. Bf3 {[%clk 00:07:25]} {[%emt
00:00:24]} Qc2+ {[%clk 00:22:10]} {[%emt 00:00:02]} 64. Qe2 {[%clk 00:07:48]}
{[%emt 00:00:07]} Qc8 {[%clk 00:22:28]} {[%emt 00:00:12]} 65. g4 {[%clk
00:07:34]} {[%emt 00:00:45]} h5 {[%clk 00:22:38]} {[%emt 00:00:20]} 66. g5
{[%clk 00:07:39]} {[%emt 00:00:25]} Qb8 {[%clk 00:22:49]} {[%emt 00:00:19]} 67.
g6+ {[%clk 00:08:06]} {[%emt 00:00:04]} Kh8 {[%clk 00:23:15]} {[%emt 00:00:03]}
68. d7 {[%clk 00:08:28]} {[%emt 00:00:08]} 1-0

[Event "Deutsche Ländermeisterschaft 2025"]
[Site "Oer-Erkenschwick GER"]
[Date "2025.10.01"]
[Round "2"]
[White "Kalina, Lena"]
[Black "Vranckx, Oscar"]
[Result "0-1"]
[Termination "normal"]
[Board "4.4"]
[WhiteElo "1891"]
[BlackElo "2117"]
[WhiteClock "00:00:47"]
[BlackClock "01:18:30"]
[WhiteTeam "Nordrhein-Westfalen 2"]
[BlackTeam "Rheinland-Pfalz"]
[PlyCount "64"]
[WhiteFideId "12988014"]
[BlackFideId "34608788"]
[EventCountry "GER"]
[EventRounds "7"]
[EventType "team-swiss"]
[EventDate "2025.09.30"]

1. d4 {[%clk 01:30:57]} {[%emt 00:00:02]} e6 {[%clk 01:30:55]} {[%emt
00:00:05]} 2. c4 {[%clk 01:31:04]} {[%emt 00:00:24]} b6 {[%clk 01:31:12]}
{[%emt 00:00:13]} 3. Nf3 {[%clk 01:30:45]} {[%emt 00:00:49]} Bb7 {[%clk
01:31:35]} {[%emt 00:00:07]} 4. a3 {[%clk 01:29:08]} {[%emt 00:02:07]} Nf6
{[%clk 01:31:46]} {[%emt 00:00:19]} 5. Nc3 {[%clk 01:28:58]} {[%emt 00:00:40]}
d5 {[%clk 01:31:53]} {[%emt 00:00:23]} 6. e3 {[%clk 01:26:05]} {[%emt
00:03:23]} Be7 {[%clk 01:31:54]} {[%emt 00:00:29]} 7. Be2 {[%clk 01:24:41]}
{[%emt 00:01:54]} dxc4 {[%clk 01:31:48]} {[%emt 00:00:35]} 8. Bxc4 {[%clk
01:24:32]} {[%emt 00:00:40]} O-O {[%clk 01:32:10]} {[%emt 00:00:08]} 9. O-O
{[%clk 01:23:29]} {[%emt 00:01:33]} Nd5 {[%clk 01:32:30]} {[%emt 00:00:09]} 10.
Bd2 {[%clk 01:18:20]} {[%emt 00:05:40]} Nd7 {[%clk 01:32:07]} {[%emt 00:00:52]}
11. Nxd5 {[%clk 01:14:59]} {[%emt 00:03:51]} exd5 {[%clk 01:32:16]} {[%emt
00:00:20]} 12. Bd3 {[%clk 01:13:48]} {[%emt 00:01:42]} Nf6 {[%clk 01:30:19]}
{[%emt 00:02:26]} 13. Rc1 {[%clk 01:11:57]} {[%emt 00:02:21]} Ne4 {[%clk
01:29:02]} {[%emt 00:01:47]} 14. Qc2 {[%clk 01:10:14]} {[%emt 00:02:14]} Bd6
{[%clk 01:28:08]} {[%emt 00:01:23]} 15. Rfd1 {[%clk 01:07:30]} {[%emt
00:03:13]} Qf6 {[%clk 01:27:16]} {[%emt 00:01:22]} 16. Bb4 {[%clk 00:59:55]}
{[%emt 00:08:05]} c5 {[%clk 01:24:20]} {[%emt 00:03:26]} 17. dxc5 {[%clk
00:58:54]} {[%emt 00:01:30]} bxc5 {[%clk 01:24:45]} {[%emt 00:00:05]} 18. Bc3
{[%clk 00:58:48]} {[%emt 00:00:36]} Nxc3 {[%clk 01:24:57]} {[%emt 00:00:18]}
19. Qxc3 {[%clk 00:55:21]} {[%emt 00:03:57]} d4 {[%clk 01:23:13]} {[%emt
00:02:15]} 20. exd4 {[%clk 00:52:47]} {[%emt 00:03:04]} Bxf3 {[%clk 01:23:31]}
{[%emt 00:00:11]} 21. gxf3 {[%clk 00:49:11]} {[%emt 00:04:05]} Qh4 {[%clk
01:21:38]} {[%emt 00:02:23]} 22. Be4 {[%clk 00:32:57]} {[%emt 00:16:44]} Rae8
{[%clk 01:21:36]} {[%emt 00:00:32]} 23. dxc5 {[%clk 00:25:46]} {[%emt
00:07:42]} Qxh2+ {[%clk 01:21:49]} {[%emt 00:00:17]} 24. Kf1 {[%clk 00:26:10]}
{[%emt 00:00:06]} Bf4 {[%clk 01:22:14]} {[%emt 00:00:05]} 25. Rc2 {[%clk
00:21:53]} {[%emt 00:04:47]} f5 {[%clk 01:22:24]} {[%emt 00:00:20]} 26. Rd7
{[%clk 00:17:13]} {[%emt 00:05:10]} Bh6 {[%clk 01:21:38]} {[%emt 00:01:16]} 27.
Bd5+ {[%clk 00:15:11]} {[%emt 00:02:32]} Kh8 {[%clk 01:22:01]} {[%emt
00:00:06]} 28. f4 {[%clk 00:15:26]} {[%emt 00:00:15]} Qxf4 {[%clk 01:17:03]}
{[%emt 00:05:29]} 29. Qg3 {[%clk 00:11:07]} {[%emt 00:04:50]} Qa4 {[%clk
01:17:21]} {[%emt 00:00:12]} 30. Rxa7 {[%clk 00:01:40]} {[%emt 00:09:56]} Qxc2
{[%clk 01:17:43]} {[%emt 00:00:08]} 31. Bf7 {[%emt 00:01:39]} Rxf7 {[%clk
01:18:02]} {[%emt 00:00:09]} 32. Rxf7 {[%clk 00:00:47]} {[%emt 00:00:17]} Qc4+
{[%clk 01:18:30]} {[%emt 00:00:02]} 0-1

[Event "Deutsche Ländermeisterschaft 2025"]
[Site "Oer-Erkenschwick GER"]
[Date "2025.10.01"]
[Round "2"]
[White "Müller, Riyanna"]
[Black "Besou, Jad"]
[Result "1-0"]
[Termination "normal"]
[Board "4.5"]
[WhiteTitle "WFM"]
[WhiteElo "2049"]
[BlackElo "1865"]
[WhiteClock "00:00:59"]
[BlackClock "00:06:53"]
[WhiteTeam "Rheinland-Pfalz"]
[BlackTeam "Nordrhein-Westfalen 2"]
[PlyCount "87"]
[WhiteFideId "16287401"]
[BlackFideId "34631348"]
[EventCountry "GER"]
[EventRounds "7"]
[EventType "team-swiss"]
[EventDate "2025.09.30"]

1. e4 {[%clk 01:30:56]} {[%emt 00:00:02]} e5 {[%clk 01:30:52]} {[%emt
00:00:08]} 2. Nf3 {[%clk 01:31:17]} {[%emt 00:00:10]} Nc6 {[%clk 01:31:09]}
{[%emt 00:00:12]} 3. Bc4 {[%clk 01:31:28]} {[%emt 00:00:19]} Bc5 {[%clk
01:31:26]} {[%emt 00:00:14]} 4. d3 {[%clk 01:31:34]} {[%emt 00:00:24]} Nf6
{[%emt 00:03:39]} 5. c3 {[%clk 01:31:16]} {[%emt 00:00:45]} a6 {[%clk
01:28:18]} {[%emt 00:00:32]} 6. Nbd2 {[%clk 01:29:06]} {[%emt 00:02:41]} d6
{[%clk 01:27:21]} {[%emt 00:01:27]} 7. Bb3 {[%clk 01:29:21]} {[%emt 00:00:14]}
O-O {[%clk 01:24:41]} {[%emt 00:03:10]} 8. O-O {[%clk 01:28:27]} {[%emt
00:01:24]} h6 {[%clk 01:22:40]} {[%emt 00:02:31]} 9. h3 {[%clk 01:22:35]}
{[%emt 00:06:22]} Rb8 {[%clk 01:19:45]} {[%emt 00:03:25]} 10. Re1 {[%clk
01:21:25]} {[%emt 00:01:40]} Be6 {[%clk 01:16:05]} {[%emt 00:04:10]} 11. Bc2
{[%clk 01:20:21]} {[%emt 00:01:34]} Re8 {[%clk 01:09:50]} {[%emt 00:06:45]} 12.
Nf1 {[%clk 01:20:11]} {[%emt 00:00:39]} Ba7 {[%clk 01:04:48]} {[%emt 00:05:32]}
13. d4 {[%clk 01:17:20]} {[%emt 00:03:21]} Bd7 {[%clk 01:00:10]} {[%emt
00:05:09]} 14. Ng3 {[%clk 01:15:52]} {[%emt 00:01:58]} b5 {[%clk 00:58:26]}
{[%emt 00:02:14]} 15. Be3 {[%clk 01:11:58]} {[%emt 00:04:24]} Bb6 {[%clk
00:55:38]} {[%emt 00:03:18]} 16. Qd2 {[%clk 01:00:52]} {[%emt 00:11:35]} Qe7
{[%clk 00:47:46]} {[%emt 00:08:22]} 17. Rad1 {[%clk 00:55:13]} {[%emt
00:06:08]} Rbd8 {[%clk 00:36:28]} {[%emt 00:11:49]} 18. Qd3 {[%clk 00:50:52]}
{[%emt 00:04:50]} Na5 {[%clk 00:29:01]} {[%emt 00:07:56]} 19. Nh4 {[%clk
00:48:38]} {[%emt 00:02:45]} Nc4 {[%clk 00:27:40]} {[%emt 00:01:52]} 20. Nhf5
{[%clk 00:44:05]} {[%emt 00:05:02]} Qf8 {[%clk 00:27:18]} {[%emt 00:00:53]} 21.
Bc1 {[%clk 00:44:07]} {[%emt 00:00:28]} Bxf5 {[%clk 00:26:40]} {[%emt
00:01:09]} 22. Nxf5 {[%clk 00:44:05]} {[%emt 00:00:31]} Kh8 {[%clk 00:23:34]}
{[%emt 00:03:36]} 23. b3 {[%clk 00:40:31]} {[%emt 00:04:04]} Na5 {[%clk
00:23:35]} {[%emt 00:00:29]} 24. Qf3 {[%clk 00:40:40]} {[%emt 00:00:21]} Nh7
{[%clk 00:23:22]} {[%emt 00:00:43]} 25. Qg4 {[%clk 00:32:39]} {[%emt 00:08:31]}
Nc6 {[%clk 00:22:39]} {[%emt 00:01:14]} 26. Re3 {[%clk 00:31:21]} {[%emt
00:01:48]} Re6 {[%clk 00:22:27]} {[%emt 00:00:42]} 27. Qh4 {[%clk 00:23:00]}
{[%emt 00:08:50]} Ne7 {[%clk 00:20:00]} {[%emt 00:02:58]} 28. Rg3 {[%clk
00:19:29]} {[%emt 00:04:00]} Ng6 {[%clk 00:19:52]} {[%emt 00:00:37]} 29. Qg4
{[%clk 00:19:09]} {[%emt 00:00:47]} Nf6 {[%clk 00:19:57]} {[%emt 00:00:30]} 30.
Qf3 {[%clk 00:18:45]} {[%emt 00:00:49]} Nh7 {[%clk 00:16:25]} {[%emt 00:04:07]}
31. h4 {[%clk 00:17:58]} {[%emt 00:01:17]} Rf6 {[%clk 00:15:14]} {[%emt
00:01:40]} 32. Qe2 {[%clk 00:09:43]} {[%emt 00:08:41]} exd4 {[%clk 00:11:57]}
{[%emt 00:03:51]} 33. cxd4 {[%clk 00:08:13]} {[%emt 00:02:00]} Re8 {[%clk
00:11:11]} {[%emt 00:01:16]} 34. Qd3 {[%clk 00:07:51]} {[%emt 00:00:41]} h5
{[%clk 00:10:45]} {[%emt 00:01:08]} 35. Bg5 {[%clk 00:06:52]} {[%emt 00:01:28]}
Nxg5 {[%clk 00:10:45]} {[%emt 00:00:30]} 36. hxg5 {[%clk 00:06:47]} {[%emt
00:00:36]} Rfe6 {[%emt 00:02:07]} 37. Qf3 {[%clk 00:06:59]} {[%emt 00:00:14]}
h4 {[%clk 00:08:20]} {[%emt 00:01:22]} 38. Rh3 {[%clk 00:05:16]} {[%emt
00:02:13]} Kg8 {[%clk 00:08:04]} {[%emt 00:00:46]} 39. g3 {[%clk 00:03:54]}
{[%emt 00:01:51]} f6 {[%clk 00:07:21]} {[%emt 00:01:13]} 40. gxh4 {[%clk
00:03:37]} {[%emt 00:00:47]} fxg5 {[%clk 00:07:07]} {[%emt 00:00:44]} 41. hxg5
{[%clk 00:03:56]} {[%emt 00:00:11]} c5 {[%clk 00:06:56]} {[%emt 00:00:40]} 42.
d5 {[%clk 00:01:25]} {[%emt 00:03:01]} Ne5 {[%clk 00:06:54]} {[%emt 00:00:33]}
43. Qh1 {[%clk 00:00:59]} {[%emt 00:00:55]} Kf7 {[%clk 00:06:53]} {[%emt
00:00:31]} 44. dxe6+ {[%emt 00:00:33]} 1-0